Countries With the Most Swedish People - Statistics

General Stats
  • This quiz has been taken 115 times
  • The average score is 13 of 15
Answer Stats
Hint Answer % Correct
290.000 Finland
100%
16.600 Denmark
99%
~90.000 Norway
99%
3.912.000 United States
99%
100.000 United Kingdom
97%
~8.000.000 Sweden
96%
341.800 Canada
95%
23.000 Germany
95%
20.300 Spain
91%
30.000 France
88%
7.400 Russia
88%
30.300 Australia
81%
23.000 Brazil
65%
6.800 Switzerland
61%
15.000 Thailand
26%
No matching quizzes found
Score Distribution
Percent of People with Each Score
Percentile by Number Answered
Your Score History
You have not taken this quiz